|
|
|
|
| LEADER |
00000nab a2200000 a 4500 |
| 001 |
vtls000868705 |
| 003 |
SK-MaSNL |
| 005 |
20260302161655.0 |
| 008 |
180205c2004 xo 0 slo |
| 015 |
|
|
|a SNBRB2004/04-11039
|
| 035 |
|
|
|a CLN000220257
|
| 040 |
|
|
|a SNKBUCL
|b slo
|c SNKBUCL
|e AACR2
|
| 041 |
0 |
|
|a slo
|
| 044 |
|
|
|a xo
|c SK
|
| 080 |
|
|
|a 634.8:631.542
|2 UDC-MRF-SK2
|
| 080 |
|
|
|a 631.542
|2 UDC-MRF-SK2
|
| 100 |
1 |
|
|a Vereš, Alojz,
|d 1930-
|4 aut
|9 112885
|
| 245 |
1 |
0 |
|a Vinič hroznorodý potrebuje rez
|c Alojz Vereš
|
| 300 |
|
|
|b Obr.
|
| 650 |
0 |
7 |
|a vinič
|x rez
|2 snkbucl
|9 859950
|
| 650 |
0 |
7 |
|a rez drevín
|2 snkbucl
|9 15850
|
| 655 |
|
7 |
|a články z novín a časopisov
|2 snkbucl
|9 267496
|
| 773 |
0 |
|
|x 1335-440X
|t Sme. Roľnícke noviny
|g Č. 48 (27.2.2004)
|
| 773 |
0 |
|
|x 1335-440X
|t [Príl.] Roľnícke noviny
|g Č. 9 (27.2.2004), s. 8
|
| 850 |
|
|
|a Slovenská národná knižnica v Martine
|
| 852 |
|
|
|a SNK
|b KIS3GCP
|
| 958 |
|
|
|a RBX
|
| 999 |
|
|
|c 1378026
|d 1379956
|